Matthew Modine Filmography - Statistics

General Stats
  • This quiz has been taken 20 times
    2 since last reset
  • The average score is 8 of 154
Answer Stats
Type Year Name % Correct
Film 1984 Birdy
100%
Film 1987 Full Metal Jacket
100%
Web Series 2016-Present Stranger Things
100%
Music Video 2017 1-800-273-8255
50%
Short Documentary 2022 A Simple Enjoyment of Life: Matthew Modine on Jonathan Demme's Married to the Mob
50%
Film 1995 Cutthroat Island
50%
Film 1988 Married to the Mob
50%
Film 2023 Oppenheimer
50%
Film 1990 Pacific Heights
50%
Film 2023 Retribution
50%
Film 2012 The Dark Knight Rises
50%
Film 1985 Vision Quest
50%
Film 2021 Wrong Turn
50%
Film 2017 47 Meters Down
0%
TV Show 1982 ABC Afterschool Specials
0%
Film 2010 A Cat in Paris
0%
Documentary 2023 Accidental Truth: UFO Revelations
0%
Film 2021 Against the Current
0%
Film 2014 Altar
0%
Documentary Series 1995 American Cinema
0%
Documentary Series 1998 American Experience
0%
TV Show 1988 American Playhouse
0%
Film 2018 An Actor Prepares
0%
TV Film 2013 Anatomy of Violence
0%
TV Film 1993 And the Band Played On
0%
Film 1999 Any Given Sunday
0%
Film 2016 Army of One
0%
Film 1983 Baby It's You
0%
Short Documentary 2019 Back to School with Matthew Modine
0%
Film 2018 Backtrace
0%
Film 2000 Bamboozled
0%
Film 2021 Breaking News in Yuba County
0%
Film 1995 Bye Bye Love
0%
TV Mini-Series 2012 CAT.8
0%
Film 2020 Chance
0%
Short Film 2008 Cowboy
0%
Music Video 1985 Crazy for You
0%
Director 1997 Ecce Pirate
0%
Film 1992 Equinox
0%
TV Film 2003 Expert Witness
0%
Film 2013 Family Weekend
0%
Theater 2004 Finishing the Picture
0%
TV Film 2000 Flowers for Algernon
0%
Film 1995 Fluke
0%
Film 2019 Foster Boy
0%
TV Documentary 2006 From Ballfields to Battlefields: Stories from Iraq
0%
Film 2004 Funky Monkey
0%
Music Video 1985 Gambler
0%
Film 2012 Girls in Progress
0%
Film 2027 Godzilla x Kong: Supernova
0%
Film 2007 Go Go Tales
0%
TV Show 2007 Good Morning Agrestic
0%
Film 1989 Gross Anatomy
0%
Short Film 2020 Guardians of Life
0%
Short Film 2014 Guests
0%
Film 2023 Hard Miles
0%
Film 2007 Have Dreams, Will Travel
0%
TV Mini-Series 2003 Hitler: The Rise of Evil
0%
Film 2003 Hollywood North
0%
Film 2016 How to Grow Up Despite Your Parents
0%
Director 2023 I Am What You Imagine
0%
Web Series 2017 Idiotsitter
0%
Film 1999 If... Dog... Rabbit...
0%
Film 2001 In the Shadows
0%
TV Mini-Series 2005 Into the West
0%
Short Film 2008 I Think I Thought
0%
Short Documentary 2025 I Was in the Right Profession: Matthew Modine on 'Baby It's You'
0%
TV Mini-Series 2001 Jack and the Beanstalk: The Real Story
0%
TV Film 1994 Jacob
0%
Short Film 2011 Jesus Was a Commie
0%
Film 2013 Jobs
0%
Film TBA Karmic Knot
0%
Film 2006 Kettle of Fish
0%
TV Show 2005 Law & Order: Special Victims Unit
0%
Film 2003 Le Divorce
0%
Film 2009 Little Fish, Strange Pond
0%
Film 2005 Mary
0%
Theater 2009, 2013 Matthew Modine Saves the Alpacas
0%
Short Film 2011 Matthew Modine's Full Metal Jacket Diary iPad App Project
0%
Short Documentary 2020 Matthew Modine's Ripple Effect
0%
Film 1990 Memphis Belle
0%
Short Film 2015 Merry Xmas
0%
Film 2011 Mia and the Migoo
0%
Film 2019 Miss Virginia
0%
Film 1984 Mrs. Soffel
0%
Film 2022 My Love Affair with Marriage
0%
Film 2001 Nobody's Baby
0%
Film 1999 Notting Hill
0%
Film 2005 Opa!
0%
Documentary 2021 Operation Varsity Blues
0%
Film 1987 Orphans
0%
Director 2012 Plastic Jesus
0%
Documentary 2009 PoliWood
0%
Film 1983 Private School
0%
TV Show 2015 Proof
0%
Film TBA Protector
0%
TV Film 2002 Redeemer
0%
Theater 2006 Resurrection Blues
0%
Film 2016 Revengeance
0%
Film 2011 Rugas
0%
TV Show 2019 Sanctuary
0%
Short Film 2008 Santa, the Fascist Years
0%
TV Show 1988 Saturday Night Live
0%
TV Film 2008 Sex and Lies in Sin City: the Ted Binion Scandal
0%
Film 1993 Short Cuts
0%
Film 2018 Sicario: Day of the Soldado
0%
Director 1994 Smoking
0%
Director 2012 Somebody
0%
Documentary 2004 Sovann Komar
0%
Film 2018 Speed Kills
0%
Film 2016 Stars in Shorts: No Ordinary Love
0%
Video Game 2024 Stranger Things VR
0%
Film 1983 Streamers
0%
Director 2016 Super Sex
0%
TV Film 2019 Surveillance
0%
Documentary Series 2006 The 50 Greatest Moments at Madison Square Garden
0%
TV Film 1998 The American
0%
TV Mini-Series 2006 The Bedford Diaries
0%
Web Series 2025 The Better Sister
0%
Film 1997 The Blackout
0%
Documentary 2015 The Brainwashing of My Dad
0%
Film 1994 The Browning Version
0%
Film 2016 The Confirmation
0%
Short Film 2011 The Flying House
0%
Film 1988 The Gamble
0%
Film 2015 The Heyday of the Insensitive Bastards
0%
Film 2017 The Hippopotamus
0%
Film 1984 The Hotel New Hampshire
0%
Film 1997 The Maker
0%
Film 2020 | 2023 The Martini Shot
0%
Theater 2010 The Miracle Worker
0%
Film 2007 The Neighbor
0%
Film 1998 The Real Blonde
0%
Film 2001 The Shipment
0%
TV Film 2013 The Short Films of Matthew Modine
0%
Short Film 1993 The Tree
0%
Film 2010 The Trial
0%
TV Show 2003 The West Wing
0%
TV Film 2004 The Winning Season
0%
Theater 2009 To Kill a Mockingbird
0%
Director 2008 To Kill an American
0%
TV Film 2011 Too Big to Fail
0%
Film 2005 Transporter 2
0%
Documentary 2015 Unity
0%
Documentary 2009 Veer
0%
Film 2000 Very Mean Men
0%
TV Show 2007 Weeds
0%
Music Video 2020 What a Man Gotta Do
0%
TV Film 1997 What the Deaf Man Heard
0%
Director 1993 When I Was a Boy
0%
Film 1992 Wind
0%
TV Documentary 2002 World Birth Day
0%
Web Mini-Series 2025 Zero Day
0%
No matching quizzes found
Score Distribution
Percent of People with Each Score
Percentile by Number Answered
Your Score History
You have not taken this quiz since the last reset